| 000 | 00712nam a2200229 u 4500 | ||
|---|---|---|---|
| 001 | 15709 | ||
| 005 | 20260504075127.0 | ||
| 008 | 960313s1958 spa | ||
| 035 | _a15709 | ||
| 035 | _a(OCoLC)503240248 | ||
| 040 | _ccomduadb | ||
| 041 | _aspa | ||
| 082 | 4 | _a898 | |
| 100 | 1 | 0 |
_aGaribay Kintana, Ángel María, _d1892-1967 _4aut _0(isni)0000 0001 2279 1091 _0(viaf)44346823 _eaut _9629105 |
| 245 | 1 | 0 | _aVeinte himnos sacros de los nahuas |
| 250 | _a01.ED | ||
| 260 |
_aMéxico : _bUniversidad Nacional Autónoma de México (UNAM), _c1958. |
||
| 300 | _a277 páginas | ||
| 650 | 7 |
_aLiteratura indígena _2lemb _92578 |
|
| 700 | 1 | 0 |
_aSahagun, Bernardino de _4aut _eaut _9241459 |
| 942 | _cBOOK | ||
| 999 |
_c46097 _d46097 |
||